Lok Adalats in India (Record no. 12640)

MARC details
000 -LEADER
fixed length control field 00604nam a2200241 a 4500
020 ## - INTERNATIONAL STANDARD BOOK NUMBER
ISBN 8171004
082 00 - DEWEY DECIMAL CLASSIFICATION NUMBER
Classification number 340
Author Cutter DES
100 ## - MAIN ENTRY--AUTHOR NAME
Author name Deshta, Sunil
245 ## - TITLE STATEMENT
Title Lok Adalats in India
Sub title Genesis and Functioning
260 ## - PUBLICATION, DISTRIBUTION, ETC. (IMPRINT)
Place of publication Delhi
Name of publisher Deep and Deep Publications
Year of publication 1995
300 ## - PHYSICAL DESCRIPTION
Number of Pages 372p
500 ## - GENERAL NOTE
General note includes index and biblioraphy
505 2# - FORMATTED CONTENTS NOTE
Formatted contents note Index
650 ## - SUBJECT ADDED ENTRY--TOPICAL TERM
Topical Term Lok Adalats
942 ## - ADDED ENTRY ELEMENTS (KOHA)
Koha item type Books
700 1# -
-- Deshta, Sunil
Holdings
Collection code Home library Current library Date acquired Cost, normal purchase price Full call number Accession Number Koha item type
  Henry Martyn Institute Library Henry Martyn Institute Library 05/01/2007 460.00 340 DES 016463 Books
                   Copyright © 2026 | Henry Martyn Institute | Hyderabad | TS-500052 | INDIA | Implemented by hmi.edu.in
Hit-Count:

Powered by Koha